Boys on film 1.

Na minha lista:
Detalhes bibliográficos
Outros Autores: Christopher, Mark, Sloane, Brian
Formato: Slides
Idioma:inglês
Publicado em: [s.l.] : Dangerous to know, c1993
Tags: Adicionar Tag
Sem tags, seja o primeiro a adicionar uma tag!

MARC

LEADER 00000ngm a22000007i 4500
001 IT\ICCU\UBO\3151759
003 ItRI
005 20260124182812.0
008 070926s1993 xxk|||||||||||||||k|||||c
028 4 2 |a DTK006 
040 |b ita 
041 7 |a eng  |2 ISO-639-2 
245 0 0 |a Boys on film 1. 
260 |a [s.l.] :  |b Dangerous to know,  |c c1993 
300 |a 1 videocassetta (VHS) (ca. 70 min.) :  |b color., son 
500 |a Tit. del contenitore 
500 |a Contiene: " Pool days" di Brian Sloane e "The dead boys club" di Mark Christopher 
500 |a Film vietato ai minori di anni 18. 
700 1 |a Christopher, Mark  |0 IT\ICCU\FERV\075901 
700 1 |a Sloane, Brian  |0 IT\ICCU\UBOV\644854 
942 |2 ddc  |c VM  |n 0 
952 |0 0  |1 0  |4 0  |6 VO_11_000000000000000  |7 0  |9 26521  |a BO  |b BO  |d 2026-01-24  |i 6145  |l 0  |o VO 11  |p BO6145  |r 2026-01-24 18:28:12  |w 2026-01-24  |x [Sebina 7] [1 videocassetta]  |y VM  |z 1 videocassetta 
999 |c 22425  |d 22425